Pío Baroja, todavía (Record no. 18957)
[ view plain ]
| 000 -LEADER | |
|---|---|
| campo de control de longitud fija | 00978nam a2200241 i 4500 |
| 001 - NÚMERO DE CONTROL | |
| campo de control | 18957 |
| 003 - IDENTIFICADOR DE NÚMERO DE CONTROL | |
| campo de control | ES-MaACL |
| 005 - FECHA Y HORA DE LA ÚLTIMA TRANSACCIÓN | |
| campo de control | 20231222184225.0 |
| 007 - CAMPO FIJO DE DESCRIPCIÓN FÍSICA--INFORMACIÓN GENERAL | |
| campo de control de longitud fija | t| |
| 008 - DATOS DE LONGITUD FIJA--INFORMACIÓN GENERAL | |
| campo de control de longitud fija | 020508s1996 sp |||| |dspa j |
| 020 ## - NÚMERO INTERNACIONAL ESTÁNDAR DEL LIBRO | |
| Número Internacional Estándar del Libro | 84-7907-201-6 |
| 080 ## - NÚMERO DE LA CLASIFICACIÓN DECIMAL UNIVERSAL | |
| Número de la Clasificación Decimal Universal | 012 Baroja, Pío (064.3) |
| 080 ## - NÚMERO DE LA CLASIFICACIÓN DECIMAL UNIVERSAL | |
| Número de la Clasificación Decimal Universal | 016:821.134.2 Baroja, Pío 1.06(064.3) |
| 245 00 - MENCIÓN DEL TÍTULO | |
| Título | Pío Baroja, todavía |
| Resto del título | : exposición : del 30 de octubre al 7 de diciembre de 1996 = Pío Baroja, gaur ere : erakusketa : 1996eko urriaren 30etik abenduaren 7a bitartean. |
| 260 ## - PUBLICACIÓN, DISTRIBUCIÓN, ETC. | |
| Lugar de publicación, distribución, etc. | [San Sebastián] : |
| Nombre del editor, distribuidor, etc. | Gipuzkoako Foru Aldundia, Kultura eta Euskara Dpartamentua = Diputación Foral de Gipúzcoa, Departamento de Cultura y Euskera, |
| Fecha de publicación, distribución, etc. | D.L. 1996. |
| 300 ## - DESCRIPCIÓN FÍSICA | |
| Extensión | 53 p ; |
| Dimensiones | 21 cm. |
| 500 ## - NOTA GENERAL | |
| Nota general | Texto en español y en vasco. |
| 600 14 - PUNTO DE ACCESO ADICIONAL DE MATERIA--NOMBRE DE PERSONA | |
| Nombre de persona | Baroja, Pío, |
| Fechas asociadas al nombre | 1872-1956- |
| Subdivisión de forma | Exposiciones |
| 9 (RLIN) | 25757 |
| 655 #7 - TERMINO DE INDIZACIÓN--GENERO/FORMA | |
| Fuente del término | tgfbne |
| 9 (RLIN) | 193628 |
| Datos o término principal de género/forma | Catálogos de exposiciones |
| 852 ## - LOCALIZACIÓN | |
| Ubicación | ES-MaACL |
| Número de control de estantería | L-25425 |
| 942 ## - ELEMENTOS DE ENTRADA SECUNDARIOS (KOHA) | |
| Fuente del sistema de clasificación o colocación | Clasificación decimal universal |
| Estatus retirado | Estado de pérdida | Estado de daño | No para préstamo | Biblioteca de origen | Biblioteca actual | Ubicación en estantería | Fecha de adquisición | Fuente de adquisición | Total de préstamos | Signatura topográfica completa | Código de barras | Visto por última vez | Precio de reemplazo | Tipo de ítem Koha |
|---|---|---|---|---|---|---|---|---|---|---|---|---|---|---|
| Biblioteca del Ateneo de Madrid | Biblioteca del Ateneo de Madrid | Depósito 2 | 17/01/2008 | L-25425 | 1019395 | 23/02/2023 | 23/02/2023 | Libro impreso |
